| 000 | 00500nam a2200181Ia 4500 | ||
|---|---|---|---|
| 005 | 20260429112036.0 | ||
| 008 | 260429s9999||||xx |||||||||||||| ||und|| | ||
| 020 | _a9781804894668 | ||
| 041 | _aEnglish | ||
| 082 |
_a543.087 _bPIC |
||
| 100 | _aPickering, Kenny | ||
| 245 | 0 |
_aMass spectrometry / _cKenny Pickering |
|
| 260 |
_aUnited Kingdom : _bBrilliant Publication Ltd. , _c2026. |
||
| 300 | _ax, 274 p.; hb | ||
| 650 | _a Analytical chemistry | ||
| 650 | _aMass spectrometry | ||
| 942 | _cTB | ||
| 999 |
_c52048 _d52048 |
||